000 003300000a22000970004500
100 1 _aLarsen, Evaristo
245 1 0 _aPara gozar : La resurrección de los estimulantes entraña, riesgos de adicción y desvirtúa la relación de pareja
300 _aVol. 55, Num. 55 (Julio, 1994), Páginas 33-35
773 0 _tCambio 16
942 _cANA
999 _c58496
_d58496